00594nam a2200181 i 450000100060000000300090000600500170001500700030003200800410003510000240007624500500010026000340015030000290018450000280021385200320024199900170027395201220029034423ES-MaACL20230906154930.0t|030207s1967 sp ||||1| cat d1 aBonet, Blai.93011212aL'Evangeli segons un de tants / cBlai Bonet. a[Barcelona] : bProa, c1967. a99 p. : bil. ; c18 cm. aPremi Carles Riba 1962. aES-MaACLjC-33889 bR.64734 c34423d34423 00104070aATENEOMbATENEOMcDEPO2d2008-01-17eSCl0oC-33889p1035906r2023-02-23 00:00:00w2023-02-23yMONOGRAFIA